Introduction to health and safety in construction

Bibliographic Details
Main Author: Hughes, Pill
Other Authors: Ferreth, Ed
Format: Book
Published: Burlington : Elsevier Butterworth-Heinemann , 2005
Subjects:

MARC

LEADER 00000cam a2200000 7i4500
001 0000015949
005 20050922.0
020 |a 075066343X 
040 |a INS 
090 0 0 |a RC965.C75   |b H84 2005 
100 0 |a Hughes, Pill 
245 1 0 |a Introduction to health and safety in construction   |c Pill Hughes 
260 |a Burlington :   |b Elsevier Butterworth-Heinemann ,   |c 2005 
300 |a vxxviib440p ;   |c 30cm. 
650 0 0 |a Construction indusrty   |x Health aspect   |z Great Britain 
700 0 |a Ferreth, Ed 
999 |a 0000015886   |b BOOK   |c Open Shelf   |e Default branch